[Event "Najdorf Memorial"]
[Site "Warsaw POL"]
[Date "2024.07.12"]
[Round "4.35"]
[White "Jasiulewicz, Dawid"]
[Black "Chachere, Theodore"]
[Result "1-0"]
[WhiteElo "2073"]
[BlackElo "1947"]

1. d4 Nf6 2. Nf3 e6 3. c4 b6 4. g3 Ba6 5. b3 Bb4+ 6. Bd2 Be7 7. Bg2 c6 8.
Bc3 d5 9. Ne5 Nfd7 10. Nxd7 Nxd7 11. Nd2 Rc8 12. O-O Nf6 13. e4 dxe4 14.
Nxe4 O-O 15. Re1 b5 16. c5 Nxe4 17. Bxe4 Qd7 18. b4 Bf6 19. Qc2 g6 20. Rad1
Bg7 21. Rd3 Rfd8 22. Red1 Ra8 23. a3 Qe8 24. Qe2 Bb7 25. Qe3 Qf8 26. h4 h5
27. a4 a6 28. Ra1 bxa4 29. Rxa4 Rac8 30. Bf3 Rd7 31. Be2 Qd8 32. Ra1 Ra8
33. Rdd1 Qc8 34. Bc4 Qc7 35. Qe4 Rad8 36. Rd3 Qc8 37. Re1 Re8 38. Bd2 Qd8
39. Bg5 Bf6 40. Qf4 Bxg5 41. hxg5 a5 42. g4 h4 43. Re4 e5 44. dxe5 Rxd3 45.
Qxf7+ Kh8 46. Bxd3 Rf8 47. Rd4 1-0

[Event "Najdorf Memorial"]
[Site "Warsaw POL"]
[Date "2024.07.12"]
[Round "4.36"]
[White "Dmochowska, Agnieszka"]
[Black "Maslanka, Wojciech"]
[Result "1-0"]
[WhiteElo "2013"]
[BlackElo "2166"]

1. e4 c5 2. Nf3 d6 3. d4 cxd4 4. Nxd4 Nf6 5. Nc3 a6 6. Be2 e5 7. Nb3 Be7 8.
O-O O-O 9. Re1 Qc7 10. Bf3 Be6 11. Be3 Nbd7 12. a4 Rfd8 13. a5 b5 14. axb6
Nxb6 15. Na5 Rab8 16. Nd5 Nbxd5 17. exd5 Bd7 18. b3 Rdc8 19. c4 Re8 20. h3
Qc8 21. Qd2 Bd8 22. Reb1 Bb6 23. Kh2 Qc7 24. Rc1 Bc5 25. Qe1 Rb6 26. Rcb1
Reb8 27. Bd2 Bb4 28. g3 Qc5 29. Kg2 Ne8 30. Nc6 Bxc6 31. Bxb4 Rxb4 32. dxc6
Nc7 33. Qd1 R8b6 34. Bd5 Kf8 35. Qd3 g6 36. Qf3 f5 37. h4 Kg7 38. Qd3 Ne8
39. h5 Nf6 40. hxg6 hxg6 41. Qd2 Nxd5 42. cxd5 Rd4 43. Ra5 Rb5 44. Rxb5
Qxb5 45. Qc1 Qxd5+ 46. Kg1 f4 47. c7 fxg3 48. c8=Q gxf2+ 49. Kxf2 Qf7+ 50.
Kg1 Qf3 51. Qd7+ Kf6 52. Qf1 1-0

[Event "Najdorf Memorial"]
[Site "Warsaw POL"]
[Date "2024.07.12"]
[Round "4.37"]
[White "Chmiel, Marcin"]
[Black "Pancewicz, Szymon"]
[Result "1-0"]
[WhiteElo "2161"]
[BlackElo "2041"]

1. c4 c6 2. g3 d5 3. Nf3 Nf6 4. Bg2 Bf5 5. Qb3 Qb6 6. d3 e6 7. Be3 Qxb3 8.
axb3 a6 9. Bd4 Nbd7 10. Bc3 h6 11. Nbd2 Bd6 12. b4 O-O 13. Nb3 Rac8 14. O-O
Rfd8 15. Rfe1 Bh7 16. Na5 Rc7 17. c5 Bf8 18. Bd4 Re8 19. Ne5 Nxe5 20. Bxe5
Rd7 21. h3 Be7 22. e4 Bd8 23. Bd6 dxe4 24. dxe4 Bxa5 25. bxa5 Red8 26. Ra3
Ne8 27. Rb3 f6 28. e5 Kf7 29. f4 Nxd6 30. exd6 Re8 31. Bf1 h5 32. g4 hxg4
33. hxg4 f5 34. g5 Kg6 35. Rbe3 Bg8 36. Kf2 Kh5 37. Kg3 g6 38. Be2# 1-0

[Event "Najdorf Memorial"]
[Site "Warsaw POL"]
[Date "2024.07.12"]
[Round "4.38"]
[White "Smetek, Michal"]
[Black "Lecki, Leonard"]
[Result "0-1"]
[WhiteElo "2133"]
[BlackElo "2026"]

1. d4 Nf6 2. c4 c5 3. d5 b5 4. cxb5 a6 5. e3 g6 6. Nc3 Bg7 7. Nf3 O-O 8. a4
d6 9. Bd2 axb5 10. Bxb5 Ba6 11. O-O Bxb5 12. axb5 Nbd7 13. e4 Nb6 14. Qe2
Qc7 15. Ra6 Ra7 16. Rfa1 Rfa8 17. Na4 Nxa4 18. R1xa4 Qb7 19. b4 Ne8 20.
bxc5 dxc5 21. g3 Nc7 22. Rxa7 Rxa7 23. Rxa7 Qxa7 24. Bf4 e5 25. Nxe5 g5 26.
Qh5 Nxb5 27. Qxg5 f6 28. Qg4 fxe5 29. Bxe5 Qe7 30. Bxg7 Qxg7 31. Qc8+ Qf8
32. Qg4+ Kh8 33. e5 Nd4 34. f4 c4 35. f5 Qc5 36. Qh5 Nxf5+ 37. Kf1 Ne3+ 38.
Ke2 Nxd5 39. Qe8+ Kg7 40. Qd7+ Ne7 41. Qe6 Ng6 42. Qd7+ Qe7 43. e6 Kf6 44.
Qd4+ Ne5 45. Kd2 Kxe6 46. Kc2 Qd6 47. Qxe5+ Kxe5 0-1

[Event "Najdorf Memorial"]
[Site "Warsaw POL"]
[Date "2024.07.12"]
[Round "4.39"]
[White "Zareba, Piotr"]
[Black "Dalkowski, Rafal"]
[Result "1-0"]
[WhiteElo "2003"]
[BlackElo "2101"]

1. e4 c6 2. d4 d5 3. Nc3 dxe4 4. Nxe4 Bf5 5. Ng3 Bg6 6. h4 h6 7. Nf3 Nd7 8.
h5 Bh7 9. Bd3 Bxd3 10. Qxd3 Ngf6 11. Bd2 e6 12. O-O-O Be7 13. Qe2 Qb6 14.
Ne5 Rd8 15. Rhe1 Nxe5 16. dxe5 Nd5 17. a3 Qc7 18. Qg4 Kf8 19. f4 f5 20.
exf6 Bxf6 21. c4 Qb6 22. Re5 Qd4 23. Bb4+ Nxb4 24. Rxd4 Rxd4 25. Qxe6 Nd3+
26. Kb1 Rd8 27. Rf5 1-0

[Event "Najdorf Memorial"]
[Site "Warsaw POL"]
[Date "2024.07.12"]
[Round "4.40"]
[White "Choroszej, Aleksander"]
[Black "Lisowski, Krzysztof"]
[Result "0-1"]
[WhiteElo "1997"]
[BlackElo "2096"]

1. d4 Nf6 2. c4 e6 3. Nc3 Bb4 4. f3 O-O 5. a3 Bxc3+ 6. bxc3 c5 7. e4 Ne8 8.
Nh3 Nc6 9. Be3 b6 10. Bd3 Ba6 11. Qe2 Rc8 12. Rc1 Na5 13. e5 cxd4 14. cxd4
d5 15. cxd5 Rxc1+ 16. Bxc1 Bxd3 17. Qxd3 Qxd5 18. Ng5 f5 19. exf6 Nxf6 20.
O-O e5 21. Qe3 Nc4 22. Qf2 exd4 23. Nh3 d3 24. Rd1 d2 0-1

[Event "Najdorf Memorial"]
[Site "Warsaw POL"]
[Date "2024.07.12"]
[Round "4.41"]
[White "Borowy, Cezary"]
[Black "Zysko, Jan"]
[Result "1/2-1/2"]
[WhiteElo "1993"]
[BlackElo "2089"]

1. d4 Nf6 2. Nf3 g6 3. Nc3 d5 4. Bf4 Bg7 5. Nb5 Na6 6. e3 O-O 7. Be2 c6 8.
Nc3 c5 9. Ne5 Qb6 10. Na4 Qa5+ 11. c3 Nd7 12. Bxa6 Nxe5 13. Be2 cxd4 14. b4
Qd8 15. Bxe5 Bxe5 16. cxd4 Bd6 17. Qb3 b6 18. Rc1 Bb7 19. O-O Rc8 20. Nc5
Bc6 21. Na6 Bb7 22. Nc5 Bc6 23. Na6 Bb7 24. Nc5 1/2-1/2

[Event "Najdorf Memorial"]
[Site "Warsaw POL"]
[Date "2024.07.12"]
[Round "4.42"]
[White "Suska, Szymon"]
[Black "Wadelek, Karol"]
[Result "1-0"]
[WhiteElo "2079"]
[BlackElo "1974"]

1. Nf3 Nf6 2. c4 e6 3. g3 b6 4. Bg2 Bb7 5. O-O c5 6. Nc3 Be7 7. e3 O-O 8.
d4 cxd4 9. exd4 Qc8 10. Bg5 h6 11. Bxf6 Bxf6 12. Rc1 d6 13. b3 Nd7 14. Re1
Re8 15. Qd3 Qc7 16. h4 Rad8 17. Ne4 Be7 18. Qe3 Qb8 19. Nfd2 d5 20. Nc3
dxc4 21. Bxb7 Qxb7 22. bxc4 Nf6 23. Nce4 Qd7 24. Nf3 Nxe4 25. Qxe4 Qa4 26.
g4 Rc8 27. g5 hxg5 28. hxg5 g6 29. Qf4 Bf8 30. Ne5 Re7 31. Ng4 Bg7 32. Nf6+
Kf8 33. d5 Qxa2 34. d6 Rb7 35. d7 1-0

[Event "Najdorf Memorial"]
[Site "Warsaw POL"]
[Date "2024.07.12"]
[Round "4.43"]
[White "Jurasz, Antoni"]
[Black "Orzechowski, Jacek"]
[Result "0-1"]
[WhiteElo "1992"]
[BlackElo "2072"]

1. e4 e6 2. d4 d5 3. Nd2 c5 4. c3 cxd4 5. cxd4 dxe4 6. Nxe4 Bb4+ 7. Nc3 Nf6
8. Nf3 O-O 9. Bd3 Nc6 10. O-O Be7 11. b3 Nb4 12. Bb1 b6 13. Bb2 Bb7 14. a3
Nbd5 15. Ne2 Rc8 16. Qd3 Rc7 17. Bc2 Ba6 18. Qd2 Qd6 19. Rac1 Rfc8 20. Ne5
Bf8 21. Rfe1 Bb7 22. Bb1 Rxc1 23. Bxc1 Ne7 24. Nf4 Nc6 25. Nf3 Rd8 26. Rd1
g6 27. Ne2 Na5 28. Qe3 Ng4 29. Qd3 Bxf3 30. Qxf3 Qxh2+ 0-1

[Event "Najdorf Memorial"]
[Site "Warsaw POL"]
[Date "2024.07.12"]
[Round "4.44"]
[White "Krawczyk, Wojciech"]
[Black "Matskevich, Varvara"]
[Result "1-0"]
[WhiteElo "2072"]
[BlackElo "1946"]

1. c4 e5 2. Nc3 Nf6 3. g3 c6 4. Bg2 d6 5. Nf3 Be7 6. O-O O-O 7. b3 Nbd7 8.
Qc2 d5 9. Bb2 a6 10. cxd5 cxd5 11. Rac1 Bd6 12. Nh4 Nb6 13. Nf5 Bb8 14. Nd1
Be6 15. f4 exf4 16. gxf4 Ba7 17. Nde3 Nc8 18. Qd3 Bxf5 19. Qxf5 Ne4 20.
Bxe4 dxe4 21. Kh1 Nd6 22. Qg4 f6 23. Qe6+ Rf7 24. Nd5 Qd7 25. Qxd7 Rxd7 26.
Nc3 Re8 27. Rc2 Nf5 28. Nb1 Red8 29. Rfc1 Bb8 30. Rc4 Re7 31. Ba3 Ree8 32.
e3 Nh4 33. Bb4 Nf3 34. Kg2 Kf7 35. d4 Nh4+ 36. Kf2 g5 37. fxg5 fxg5 38. Ba5
Rd5 39. Bc7 Rf5+ 40. Ke2 Nf3 41. Bxb8 Rxb8 42. Nc3 Re8 43. d5 g4 44. Rxe4
Nxh2 45. Rxe8 Kxe8 46. Rh1 g3 47. Ne4 Rf3 48. Nxg3 Rxg3 49. Rxh2 Rg7 50.
Kd3 Ke7 51. Kd4 Kd6 52. e4 b6 53. Rc2 Kd7 54. Rc6 Rg2 55. Rxb6 Rxa2 56.
Rb7+ Kd8 57. Rxh7 a5 58. e5 Rb2 59. Ra7 Rxb3 60. Rxa5 1-0

[Event "Najdorf Memorial"]
[Site "Warsaw POL"]
[Date "2024.07.12"]
[Round "4.45"]
[White "Rzeszowski, Dominik"]
[Black "Majocha, Piotr"]
[Result "1/2-1/2"]
[WhiteElo "1961"]
[BlackElo "2066"]

1. e4 e6 2. Nf3 c5 3. d4 cxd4 4. Nxd4 a6 5. Nc3 Qc7 6. Bd3 Nf6 7. O-O d6 8.
Kh1 Nbd7 9. f4 b6 10. Be3 Bb7 11. f5 e5 12. Nb3 Nc5 13. Qf3 Be7 14. Nxc5
dxc5 15. Nd5 Nxd5 16. exd5 c4 17. Be4 Qd6 18. Bxb6 Qxb6 19. d6 Qxd6 20.
Bxb7 Rd8 21. Rad1 Qc5 22. Bc6+ Kf8 23. Rxd8+ Bxd8 24. Rd1 Bb6 25. f6 gxf6
26. Qxf6 Rg8 27. Bd5 Rg7 28. Bxc4 Qc7 29. Qd6+ Qxd6 30. Rxd6 Rg6 31. Rxg6
hxg6 32. Bxa6 f5 33. b4 Bd4 34. c4 Ke7 35. c5 Bc3 36. b5 Bd4 37. c6 Kd8 38.
g3 e4 39. Kg2 Kc7 40. h4 Bb6 41. Kf1 Kb8 42. Bb7 Bc7 43. a4 Ba5 44. Ke2 Bb6
45. Ba6 Kc7 46. Kd2 Kb8 47. Kc3 Ba5+ 48. Kc4 Kc7 49. Kc5 e3 50. b6+ Bxb6+
51. Kd5 Ba5 52. Ke5 Be1 53. Kf4 Kxc6 54. Bb5+ Kd6 55. Be2 Ke6 56. h5 gxh5
57. Bxh5 Bd2 58. Be2 Kf6 59. Kf3 Kg5 60. Bd3 1/2-1/2

[Event "Najdorf Memorial"]
[Site "Warsaw POL"]
[Date "2024.07.12"]
[Round "4.46"]
[White "Charvi, A"]
[Black "Dobosiewicz, Dawid"]
[Result "1/2-1/2"]
[WhiteElo "1960"]
[BlackElo "2028"]

1. e4 c5 2. Nf3 d6 3. d4 cxd4 4. Nxd4 Nf6 5. Nc3 a6 6. Rg1 e5 7. Nb3 Be6 8.
g4 d5 9. exd5 Nxd5 10. Nxd5 Qxd5 11. Qxd5 Bxd5 12. Be3 Nc6 13. O-O-O O-O-O
14. Bb6 Rd7 15. g5 Be6 16. Rxd7 Kxd7 17. Be2 Be7 18. Nc5+ Bxc5 19. Bxc5 Kc7
20. Rd1 Rd8 21. Bd3 g6 22. Re1 Bf5 23. Bc4 Be6 24. Bd3 Bf5 25. Bc4 Be6 26.
Bd3 Bxa2 27. Re4 Bd5 28. Rh4 Bf3 29. b3 Rd7 30. Rxh7 e4 31. Bc4 Ne5 32. Be3
Nxc4 33. bxc4 b6 34. Rh4 b5 35. cxb5 axb5 36. Rf4 Kd6 37. Rf6+ Ke5 38. Bf4+
Kd5 39. Rb6 Be2 40. Kb2 1/2-1/2

[Event "Najdorf Memorial"]
[Site "Warsaw POL"]
[Date "2024.07.12"]
[Round "4.47"]
[White "Tsiapko, Andrii"]
[Black "Sypien, Natan"]
[Result "1-0"]
[WhiteElo "2167"]
[BlackElo "1985"]

1. d4 d5 2. c4 e6 3. Nf3 Nf6 4. g3 Bb4+ 5. Bd2 a5 6. Bg2 O-O 7. a3 Be7 8.
Qc2 Nbd7 9. O-O c6 10. Bf4 b6 11. Nbd2 Ba6 12. e4 dxe4 13. Ne5 Rc8 14. Nxe4
c5 15. Nc6 Rxc6 16. Nxf6+ Bxf6 17. Bxc6 Bxd4 18. Rad1 Qc8 19. Bg2 Ne5 20.
Rxd4 1-0

[Event "Najdorf Memorial"]
[Site "Warsaw POL"]
[Date "2024.07.12"]
[Round "4.48"]
[White "Alvarado, Carlos"]
[Black "Polak, Michal"]
[Result "1-0"]
[WhiteElo "2108"]
[BlackElo "1997"]

1. Nf3 d5 2. b3 Bf5 3. Bb2 e6 4. g3 h6 5. Bg2 Nf6 6. O-O Bh7 7. d3 Be7 8.
c4 O-O 9. Nbd2 a5 10. a3 c6 11. Ne5 Nbd7 12. Ra2 Nxe5 13. Bxe5 Nd7 14. Bc3
Bf6 15. Qa1 Qb6 16. Bxf6 Nxf6 17. h3 d4 18. Nf3 c5 19. Rb1 Qd6 20. b4 b6
21. bxc5 bxc5 22. Rb5 a4 23. Rab2 Ra6 24. Qb1 Nd7 25. Rb7 f5 26. R2b5 Rd8
27. Qb2 Bg6 28. Qd2 Kh7 29. Qf4 e5 30. Qh4 Nf6 31. g4 fxg4 32. hxg4 Be8 33.
g5 Bxb5 34. Qxh6+ 1-0

[Event "Najdorf Memorial"]
[Site "Warsaw POL"]
[Date "2024.07.12"]
[Round "4.49"]
[White "Swara, Lakshmi S Nair"]
[Black "Harazinska, Magdalena"]
[Result "1/2-1/2"]
[WhiteElo "2049"]
[BlackElo "1969"]

1. e4 c5 2. Nf3 d6 3. d4 cxd4 4. Nxd4 Nf6 5. Nc3 a6 6. Rg1 g6 7. g4 Bg7 8.
Be3 b5 9. g5 Nfd7 10. Qd2 Ne5 11. Be2 Bb7 12. h4 Nbd7 13. f4 Nc4 14. Bxc4
bxc4 15. h5 O-O 16. Qh2 e5 17. hxg6 hxg6 18. Nde2 exf4 19. Qxf4 Qe7 20.
O-O-O Nc5 21. Rg4 Rfe8 22. Bxc5 dxc5 23. Rh4 Rad8 24. Rdh1 Qe5 25. Qe3 Rd4
26. Qh3 Rxe4 27. Nxe4 Qxb2+ 28. Kd2 Bxe4 29. Rh8+ Bxh8 30. Qh7+ Kf8 31.
Qxh8+ Qxh8 32. Rxh8+ Ke7 33. Rh4 Kd6 34. Nc3 Bd5 35. Rf4 Re5 36. a4 Be6 37.
Rf2 Kc6 38. Rg2 Bd5 39. Rg1 Rf5 40. Ke2 Rf4 41. Rb1 Rg4 42. a5 Rxg5 43.
Rb6+ Kc7 44. Rxa6 Bc6 45. Ra7+ Kd6 46. Rxf7 Rg2+ 47. Kd1 Rg1+ 48. Kd2 g5
49. a6 g4 50. a7 Ra1 51. Rg7 Bf3 52. Rg5 Kc6 53. Rg6+ Kb7 54. Nb5 Ra5 55.
Rg8 Kb6 56. Nd6 Kxa7 57. Nxc4 Ra1 58. Ne5 Rd1+ 59. Kc3 Re1 60. Nxg4 Kb6 61.
Nf2 Bd5 62. Rg6+ Re6 63. Rg5 Kc6 64. Nd3 Rf6 65. Kd2 Kd6 66. Ke3 Rf3+ 67.
Ke2 Rf6 68. Kd2 Rh6 69. Kc3 Rf6 70. Ne5 Rh6 71. Kb2 Rh2 72. Ng4 Re2 73.
Rg6+ Be6 74. Kc3 Rg2 75. Ne5 1/2-1/2

[Event "Najdorf Memorial"]
[Site "Warsaw POL"]
[Date "2024.07.12"]
[Round "4.50"]
[White "Celinski, Kamil"]
[Black "Wieckowski, Michal"]
[Result "1-0"]
[WhiteElo "2022"]
[BlackElo "1964"]

1. c4 g6 2. g3 c5 3. Bg2 Bg7 4. Nc3 Nc6 5. Nf3 d6 6. O-O e5 7. a3 Nge7 8.
b4 f5 9. Ne1 O-O 10. Nc2 Be6 11. Ne3 f4 12. Ned5 Nd4 13. Rb1 Nxd5 14. Nxd5
Bg4 15. f3 Bf5 16. d3 fxg3 17. hxg3 Qd7 18. b5 Bh3 19. e3 Bxg2 20. Kxg2 Nf5
21. e4 Ne7 22. Ne3 Bh6 23. Ng4 Bxc1 24. Qxc1 h5 25. Nf2 Kg7 26. g4 Rh8 27.
Qg5 Qe6 28. Rh1 Qf6 29. Nh3 Raf8 30. Rbf1 Kg8 31. Qe3 hxg4 32. fxg4 Qh4 33.
Rxf8+ Kxf8 34. Qf3+ Ke8 35. Nf2 Nf5 36. exf5 1-0

[Event "Najdorf Memorial"]
[Site "Warsaw POL"]
[Date "2024.07.12"]
[Round "4.51"]
[White "Siennicki, Gustaw"]
[Black "Bednarska-bzdega, Malgorzata"]
[Result "1-0"]
[WhiteElo "2012"]
[BlackElo "1956"]

1. d4 Nf6 2. c4 g6 3. g3 Bg7 4. Bg2 d5 5. cxd5 Nxd5 6. e4 Nb6 7. Ne2 e5 8.
d5 O-O 9. Nbc3 N8d7 10. a4 a5 11. O-O Nf6 12. b3 Re8 13. h3 c6 14. Be3 cxd5
15. exd5 e4 16. d6 Bd7 17. Rc1 Bc6 18. Nd4 Nbd5 19. Nxd5 Nxd5 20. Nxc6 bxc6
21. Rxc6 Nxe3 22. fxe3 Ra7 23. Qd5 Be5 24. Rfc1 Bxg3 25. Rc8 Qd7 26. R8c7
Rxc7 27. Rxc7 Qf5 28. Qxf5 gxf5 29. d7 Rd8 30. Ra7 Be1 31. Bf1 Kf8 32. Bb5
Ke7 33. Ra6 Rg8+ 34. Kf1 Bd2 35. Kf2 f4 36. exf4 Bxf4 37. Rxa5 Bc7 38. Ra6
f5 39. Rc6 Bd8 40. b4 f4 41. a5 Rg6 42. Rc5 Re6 43. Bc4 Rh6 44. Re5+ Kxd7
45. Rxe4 Bc7 46. Be2 Rf6 47. Bg4+ Kc6 48. Re7 Bd6 49. Bf3+ Kb5 50. Rb7+ Ka4
51. Bd1+ Ka3 52. b5 Kb4 53. a6 Ka5 54. a7 Bc5+ 55. Kf3 Bxa7 56. Rxa7+ Kxb5
57. Rxh7 Kc5 58. h4 Kd6 59. Bc2 Rf8 60. h5 Ke5 61. h6 Rc8 62. Bd3 Kf6 63.
Rd7 1-0

[Event "Najdorf Memorial"]
[Site "Warsaw POL"]
[Date "2024.07.12"]
[Round "4.52"]
[White "Delega, Tomasz"]
[Black "Krasiewicz, Robert"]
[Result "1/2-1/2"]
[WhiteElo "1973"]
[BlackElo "2004"]

1. e4 g6 2. d4 Bg7 3. Nc3 d6 4. Bg5 a6 5. f4 b5 6. Bd3 Bb7 7. Nf3 Nf6 8. e5
Nd5 9. Nxd5 Bxd5 10. O-O Nc6 11. c3 Qd7 12. a4 Rb8 13. axb5 axb5 14. Qe2
Nd8 15. Ra5 c6 16. exd6 e6 17. Be7 f6 18. Rfa1 Kf7 19. Ra7 Nb7 20. Nd2 Bf8
21. Bxf6 Rg8 22. Be5 Bxd6 23. b3 Rgd8 24. R1a6 Bxe5 25. fxe5 Kg8 26. h3 b4
27. cxb4 Qe7 28. b5 c5 29. Nc4 Qh4 30. Qf2 Qxd4 31. Qxd4 cxd4 32. b4 Rdc8
33. Nb6 Rc3 34. Nxd5 exd5 35. Bf1 Rc1 36. Ra1 Rxa1 37. Rxa1 Kf7 38. Ra6 Re8
39. Ra7 Rb8 40. b6 Ke6 41. Ba6 Nd8 42. b7 Kxe5 43. Ra8 Rxb7 44. Bxb7 Nxb7
45. Ra7 Nd6 46. Rxh7 d3 47. Kf1 Kd4 48. Ke1 Kc3 49. Ra7 Nc4 50. b5 d2+ 51.
Ke2 Nb2 52. Rc7+ Nc4 53. Ra7 Nb2 54. Ra1 d4 55. b6 d3+ 56. Kf1 d1=Q+ 57.
Rxd1 Nxd1 58. b7 Ne3+ 59. Kf2 d2 60. Kxe3 d1=Q 61. b8=Q Qd4+ 62. Kf3 Qd5+
63. Kg3 Qg5+ 64. Kh2 Kd2 65. Qg3 Qf5 66. Qf3 Qe5+ 67. g3 Ke1 68. h4 Qe6 69.
g4 Qe7 70. Kh3 Kd2 71. Kg3 Kc1 72. Qc3+ Kd1 73. Qd3+ Kc1 74. Kh3 Qe5 75. g5
Qe6+ 76. Kg3 Qe1+ 77. Kg4 Qe6+ 78. Kf4 Qf7+ 79. Ke5 Qe7+ 80. Kd4 Qd6+ 81.
Kc3 Qa3+ 82. Kd4 Qd6+ 83. Ke4 Qe6+ 84. Kf4 Qf7+ 85. Ke3 Qe6+ 86. Qe4 Qh3+
87. Kd4 Qd7+ 88. Kc5 Qc7+ 89. Qc6 Qf4 90. Kd5+ Kd2 91. Qc4 Qf7+ 92. Kc5
Qf8+ 93. Kb5 Qb8+ 94. Ka4 Qe8+ 95. Kb3 Ke3 96. Kb4 Kf3 97. Kc5 Kg3 98. Kd6
Qf8+ 99. Kd7 Qg7+ 100. Ke8 Qb7 101. Kf8 Qd7 102. Qe4 Qc7 103. Kg8 Qd7 104.
Qxg6 Kxh4 105. Qf6 Qd5+ 106. Kg7 Qxg5+ 107. Qxg5+ Kxg5 1/2-1/2

[Event "Najdorf Memorial"]
[Site "Warsaw POL"]
[Date "2024.07.12"]
[Round "4.53"]
[White "Van Der Veen, Ronald"]
[Black "Zaninotto, Franco"]
[Result "0-1"]
[WhiteElo "2003"]
[BlackElo "1961"]

1. d4 Nf6 2. c4 e6 3. Nf3 d5 4. Nc3 a6 5. g3 dxc4 6. a4 c5 7. Bg2 Nc6 8. e3
Be7 9. O-O O-O 10. Ne2 Bd7 11. Ne5 cxd4 12. Nxc4 d3 13. Qxd3 Nb4 14. Qb3
Bc6 15. Rd1 Qc7 16. Bd2 Bxg2 17. Kxg2 Nc6 18. Rac1 Ne4 19. Be1 Rfd8 20. Nd4
Nc5 21. Qc2 Nxd4 22. exd4 Qc6+ 23. f3 Nxa4 24. b3 b5 25. Ne5 Qxc2+ 26. Rxc2
Nb6 27. Ba5 Rdc8 28. Nc6 Nd5 29. Kf2 Kf8 30. Rdc1 Ke8 31. Ke2 f6 32. Kd3
Kd7 33. Ke4 Bd6 34. f4 f5+ 35. Kd3 h6 36. Ke2 Ne7 37. Nxe7 Rxc2+ 38. Rxc2
Kxe7 39. Rc6 Kd7 40. Rb6 Ra7 41. d5 Bc7 42. dxe6+ Ke8 43. b4 Bxb6 44. Bxb6
Re7 45. Kf3 Rxe6 46. Bc5 Kd7 47. Bf8 Re4 48. g4 g6 49. Bxh6 Rxb4 50. gxf5
gxf5 51. h4 Rb3+ 52. Ke2 a5 53. Bg5 Ke6 54. h5 a4 55. h6 Rh3 56. Kd2 b4 57.
Kc2 a3 58. Kb1 b3 59. h7 Rh1# 0-1

[Event "Najdorf Memorial"]
[Site "Warsaw POL"]
[Date "2024.07.13"]
[Round "5.1"]
[White "Sengupta, Deep"]
[Black "Krasenkow, Michal"]
[Result "1-0"]
[WhiteElo "2491"]
[BlackElo "2520"]

1. Nf3 c5 2. c4 Nf6 3. Nc3 b6 4. g3 Bb7 5. Bg2 g6 6. O-O Bg7 7. d4 cxd4 8.
Qxd4 d6 9. Rd1 Nbd7 10. b3 O-O 11. Bb2 Rc8 12. Rac1 Rc5 13. Ne1 Bxg2 14.
Nxg2 a6 15. Nd5 b5 16. Nge3 bxc4 17. Rxc4 Rxc4 18. Nxc4 Nc5 19. Ba1 Ne6 20.
Nxf6+ Bxf6 21. Qa7 Bxa1 22. Rxa1 d5 23. Rd1 Nc7 24. Qc5 e6 25. Ne5 Nb5 26.
Rc1 d4 27. Nc6 Qf6 28. Rc2 Re8 29. a4 d3 30. exd3 Nc7 31. Nb4 Nd5 32. Nxd5
exd5 33. Qxd5 Re1+ 34. Kg2 Qa1 35. h4 h5 36. Rc7 Re6 37. Qd8+ Kg7 38. Rc8
Kh6 39. d4 1-0

[Event "Najdorf Memorial"]
[Site "Warsaw POL"]
[Date "2024.07.13"]
[Round "5.2"]
[White "Kokoszczynski, Jan"]
[Black "Markowski, Tomasz"]
[Result "0-1"]
[WhiteElo "2314"]
[BlackElo "2503"]

1. e4 e6 2. d4 d5 3. Nc3 Nf6 4. e5 Nfd7 5. f4 c5 6. Nf3 Nc6 7. Be3 a6 8.
Qd2 b5 9. dxc5 Bxc5 10. Bxc5 Nxc5 11. Qf2 Qb6 12. Bd3 b4 13. Ne2 a5 14. O-O
Ba6 15. Rad1 Ne7 16. Kh1 O-O 17. Ned4 h6 18. Qe3 Rac8 19. f5 Bxd3 20. cxd3
exf5 21. Nh4 f4 22. Qxf4 Ne6 23. Nxe6 fxe6 24. Qd2 a4 25. Rxf8+ Rxf8 26.
Nf3 Rc8 27. Rc1 Rxc1+ 28. Qxc1 Qf2 29. h3 Nf5 30. Kh2 Ne3 31. Qg1 Qe2 32.
d4 b3 33. axb3 axb3 34. h4 Nd1 35. h5 Kh7 36. Kg3 Nxb2 37. Qc1 Nc4 0-1

[Event "Najdorf Memorial"]
[Site "Warsaw POL"]
[Date "2024.07.13"]
[Round "5.3"]
[White "Mis, Mieszko"]
[Black "Rozentalis, Eduardas"]
[Result "1/2-1/2"]
[WhiteElo "2351"]
[BlackElo "2480"]

1. Nf3 Nf6 2. c4 e6 3. g3 d5 4. d4 Be7 5. Bg2 O-O 6. Nc3 c6 7. O-O a5 8.
Nd2 b6 9. e4 Ba6 10. b3 dxc4 11. Nxc4 b5 12. Ne3 b4 13. Ne2 Nbd7 14. Bb2
Rc8 15. Re1 Qb6 16. Nf4 Rfd8 17. Qf3 Nf8 18. d5 cxd5 19. exd5 Bb7 20. Qe2
exd5 21. Nf5 Bc5 22. Nxg7 Ba6 23. Ngh5 Bxf2+ 24. Qxf2 Qxf2+ 1/2-1/2

[Event "Najdorf Memorial"]
[Site "Warsaw POL"]
[Date "2024.07.13"]
[Round "5.4"]
[White "Cukrowski, Filip"]
[Black "Dzida, Kamil"]
[Result "1/2-1/2"]
[WhiteElo "2403"]
[BlackElo "2385"]

1. d4 Nf6 2. c4 e6 3. Nf3 d5 4. Nc3 Bb4 5. Qa4+ Nc6 6. a3 Bxc3+ 7. bxc3 Ne4
8. Qc2 e5 9. e3 Bf5 10. Bd3 exd4 11. cxd5 Qxd5 12. cxd4 Nd6 13. Bxf5 Qxf5
14. Qxf5 Nxf5 15. Bb2 O-O-O 16. O-O-O Rhe8 17. d5 Nce7 18. Ng5 Rxd5 19.
Nxf7 Rf8 20. Rxd5 Nxd5 21. Ng5 Nd6 22. Rd1 Ne7 23. f3 Nef5 24. e4 Ne3 25.
Ne6 Rg8 26. Rd2 Nec4 27. Rc2 Kd7 28. Nc5+ Kc6 29. Ne6 Kd7 30. Nc5+ Kc6 31.
Ne6 1/2-1/2

[Event "Najdorf Memorial"]
[Site "Warsaw POL"]
[Date "2024.07.13"]
[Round "5.5"]
[White "Mickiewicz, Piotr"]
[Black "Kazakouski, Valery"]
[Result "0-1"]
[WhiteElo "2257"]
[BlackElo "2603"]

1. e4 e5 2. Nf3 Nc6 3. Bb5 a6 4. Ba4 Nf6 5. O-O b5 6. Bb3 Bc5 7. a4 Rb8 8.
c3 d6 9. d4 Bb6 10. a5 Ba7 11. h3 O-O 12. Be3 exd4 13. cxd4 Nb4 14. Nc3 Bb7
15. Qb1 c5 16. dxc5 Bxc5 17. Re1 Bxe3 18. Rxe3 Nd7 19. Nd4 Nc5 20. Qd1 g6
21. Nf5 Nxb3 22. Qxb3 Nc6 23. Rg3 Kh8 24. Nh6 Ne5 25. Nd5 Qh4 26. Ng4 h5
27. Nxe5 dxe5 28. Re1 Rbc8 29. Qe3 Kg7 30. Qb6 Bxd5 31. exd5 Rc2 32. Rxe5
Rxb2 33. Reg5 Qe4 34. Rf3 f6 35. Qd6 Rf7 36. Qe6 Qxe6 37. dxe6 Re7 38. Rd5
Rb1+ 39. Kh2 Re1 40. Rd8 R1xe6 41. Rb8 Rd6 42. h4 f5 43. Rc3 Kf6 44. Kg3
Re4 45. Rb6 Ree6 46. Rb8 Ke5 47. Rc5+ Rd5 48. Rc3 Rdd6 49. Rc5+ Ke4 50. Rc1
f4+ 51. Kh3 Kd3 52. Rcc8 Kd2 53. Rf8 Rd4 54. Rfc8 Re1 55. Kh2 f3 56. Rc6
Ke2 57. Rc2+ Rd2 58. Rxd2+ Kxd2 59. Rb6 Ra1 60. Rxa6 b4 61. Rb6 Kc3 62. a6
b3 63. Rc6+ Kd3 64. Rd6+ Kc4 65. Rb6 Ra2 66. gxf3 b2 67. a7 Kc3 68. Kg3
Rxa7 69. Rc6+ Kb3 70. Rxg6 Rb7 0-1

[Event "Najdorf Memorial"]
[Site "Warsaw POL"]
[Date "2024.07.13"]
[Round "5.6"]
[White "Kowalczyk, Rafal"]
[Black "Jarmula, Lukasz"]
[Result "0-1"]
[WhiteElo "2185"]
[BlackElo "2432"]

1. e4 d5 2. exd5 Qxd5 3. Nc3 Qd6 4. d4 Nf6 5. Nf3 c6 6. Ne5 Nbd7 7. Nc4 Qc7
8. Qf3 Nb6 9. Ne5 Be6 10. Bf4 Nbd5 11. Bg3 Qa5 12. Nc4 Qd8 13. h3 g6 14.
O-O-O Bh6+ 15. Kb1 Nxc3+ 16. Qxc3 Ne4 17. Qd3 Qd5 18. b3 Bf5 19. Ne3 Nxg3
20. fxg3 Bxd3 21. Nxd5 Bxf1 22. Nc7+ Kd7 23. Nxa8 Bxg2 24. Rh2 Be4 25. Re1
f5 26. Nb6+ axb6 27. Kb2 b5 28. a3 Bg7 29. c3 h5 30. h4 b6 31. b4 Kc7 32.
Kb3 Rd8 33. Rd2 e5 0-1

[Event "Najdorf Memorial"]
[Site "Warsaw POL"]
[Date "2024.07.13"]
[Round "5.7"]
[White "Terkiewicz, Bruno"]
[Black "Zawadzka, Jolanta"]
[Result "1/2-1/2"]
[WhiteElo "2170"]
[BlackElo "2349"]

1. d4 d5 2. Nf3 e6 3. g3 b6 4. Bg2 Bb7 5. O-O Nd7 6. c4 dxc4 7. Qc2 b5 8.
Nc3 a6 9. e4 Ngf6 10. d5 e5 11. a4 b4 12. Nb1 a5 13. Rd1 Bc5 14. Bg5 h6 15.
Bxf6 Qxf6 16. Qxc4 Ba6 17. Qc2 O-O 18. Nbd2 Rfd8 19. Nb3 Bb6 20. Qc6 Qd6
21. Rac1 Nf6 22. Qxd6 cxd6 23. Rc6 Rab8 24. Nh4 Bc8 25. Nf5 Bd7 26. h3 Kf8
27. Rxd6 Ne8 28. Rxd7 Rxd7 29. Bf1 Rc8 30. Bb5 Rdd8 31. Rd2 Nf6 32. Re2 h5
33. Bc6 g6 34. Ne3 Nxe4 35. Nc4 Nxg3 36. Rxe5 Ba7 37. Nbxa5 Nf5 38. Nb7 Nd4
39. Nxd8 Nf3+ 40. Kf1 Nxe5 41. Nxe5 Rxd8 42. b3 Ke7 43. Nc4 Bc5 44. a5 Rg8
45. a6 g5 46. Na5 Rg6 47. Nb7 Ba7 48. Ke2 h4 49. f3 f5 50. d6+ Rxd6 51.
Nxd6 Kxd6 52. Bb7 Kc5 53. Kd3 Bb8 54. Bc8 Kb6 55. Kc4 Bd6 56. Kd5 Bf4 57.
Ke6 Ka7 58. Kxf5 Kb6 59. Ke4 Ka7 60. Kd3 1/2-1/2

[Event "Najdorf Memorial"]
[Site "Warsaw POL"]
[Date "2024.07.13"]
[Round "5.8"]
[White "Nesterenko, Kyrylo"]
[Black "Fiszer, Bartosz"]
[Result "1/2-1/2"]
[WhiteElo "2103"]
[BlackElo "2335"]

1. d4 Nf6 2. c4 g6 3. Nf3 Bg7 4. g3 O-O 5. Bg2 d6 6. O-O Nc6 7. Nc3 e5 8.
dxe5 dxe5 9. Bg5 Be6 10. Nd2 h6 11. Bxf6 Bxf6 12. Nd5 Bg7 13. Ne4 f5 14.
Nc5 Bc8 15. Qa4 Qd6 16. b4 a5 17. Nb3 Nxb4 18. c5 Qd8 19. Nxb4 Bd7 20. c6
axb4 21. Qxb4 Bxc6 22. Qc4+ Kh7 23. Bxc6 bxc6 24. Qxc6 Rf6 25. Qc4 e4 26.
a4 Rfa6 27. Rad1 Qg8 28. Rc1 Be5 29. Qb5 Bd6 30. a5 R6a7 1/2-1/2